000 00486nam a2200181Ia 4500
005 20250508150328.0
008 008 250505s9999 xx 000 0 hin d
037 _aTextual
040 _aFEDL
_beng
_cFEDL
041 _ahin
_2eng
084 _a153.7, KIN
_qFEDL
100 _aKing C. Daly
_984502
245 0 _aPsychology of consciousness
260 _aLondon, UK
_bKegan Paul
_c1932
300 _axv,256p.
942 _cTEXL
_h153.7, KIN
999 _c1323020
_d1323020